Estatísticas para Quiz do estado do Rio de Janeiro

Clique aqui para jogar o quiz

Estatísticas Gerais

  • Esse quiz foi jogado 94 vezes
  • A pontuação média é 20 de 28

Estatísticas das Respostas

PistaResposta% Correto
Capital e maior cidadeRio de Janeiro
100%
Fundador da cidade acimaEstácio de Sá
97%
Carioca é quem nasce na capital. E quem nasce no estado?Fluminense
96%
Estado que faz divisa ao sudoesteSão Paulo
95%
Estado que faz divisa ao noroesteMinas Gerais
94%
Maior estádio, o mais famoso do BrasilMaracanã
90%
Estado que faz divisa ao norteEspírito Santo
88%
Cidade que abriga as únicas usinas nucleares do paísAngra dos Reis
86%
Famosa baía na região metropolitana da capitalBaía de Guanabara
86%
Bioma presente no estadoMata Atlântica
86%
Clube com mais títulos estaduaisFlamengo
82%
Famoso arquiteto com obras por todo o país. Um dos idealizadores de BrasíliaOscar Niemeyer
77%
Seleção que foi campeã mundial nesse estádio (nomeie qualquer uma)Uruguai | Alemanha
73%
Nome do centro de treinamento da seleção brasileira, em TeresópolisGranja {Comary}
72%
Segunda maior cidadeSão Gonçalo
68%
Maior floresta urbana do mundoFloresta da Tijuca
67%
Famoso sambódromo da capitalMarquês de Sapucaí
67%
Apelido da cidade de Petrópolis, devido a sua história com Dom Pedro IICidade {Imperial}
64%
Única atriz brasileira indicada ao Oscar de melhor atrizFernanda Montenegro
64%
Governador do estadoWilson Witzel
56%
Maior cidade fora da região metropolitana da capital (a 7ª maior no geral)Campos dos Goytacazes
54%
Produto com a maior exportação do estadoPetróleo
54%
Como eram conhecidos os estúdios da maior emissora do país, na capitalProjac
54%
Presidentes nascidos na capital (nomeie qualquer um deles)João Figueiredo | Fernando Collor | Fernando Henrique Cardoso
46%
Popular lanche vendido em barraquinhas de rua, um sanduíche com muitos ingredientesPodrão
45%
Cidade conhecida como a capital nacional do produto acimaMacaé
40%
Serra que marca a tríplice divisa com o estado ao noroeste e com o estado ao sudoesteSerra da Mantiqueira
31%
O saco do mamanguá, na cidade de Paraty, é conhecido como o único _____ tropical do mundo (dica: Chile e Noruega têm muitos)Fiorde
27%

Distribuição das Pontuações

Percentil de Números Respondidos

Porcentagem de Pessoas com Cada Pontuação

Sua Pontuação Histórica

Você não jogou esse quiz